000 00931nam a22003017a 4500
001 BR2018001820
003 BR-BrBNA
005 20230928105339.0
007 ta
008 230509b bl.||||| |||| 00| 0 por d
040 _aBR-BrBNA
_bpor
_cBiblioteca Nacional de Agricultura
041 _a(Por)
072 _aN10
_b5300
090 _ 5300 BR2018001820
100 1 _aAndrade, M.P. de
110 1 _aUniversidade Federal de Lavras, MG (Brasil)
_0Tese (Mestrado)
245 1 _aEficiência de biodigestores canadenses no tratamento de dejetos de suínos em diferentes fases de produção
260 3 _aLavras, MG (Brasil):
_c2018.
300 _a46 p.
500 _aSummaries (Eng, Por); Several bibliography; 9 illus.
650 _aSUINOCULTURA
650 _aCONSTRUÇÃO RURAL
650 _aBIODIGESTOR
650 _aDEJETO
650 _aPOLUIÇÃO AMBIENTAL
909 _a202309
_bLucia
_c55
_dLucia Elande
942 _cBK
999 _c84758
_d84758